000 00593nam a22002417a 4500
003 UA-OsUOA
001 27124
007 ta
008 20040615b un ||||| |||| 00| 0 ukr d
100 _aКоллинз Уилки
090 _a821.111
_bК60
942 _cBK
040 _aUA-OsUOA
_brus
_cUA-OsUOA
_dUA-OsUOA
245 _aЛунный камень
_bРоман
300 _a463 с.
955 _a0
041 _arus
080 _a821.111
260 _aМосква
_bХудожественная литература
_c1976
044 _aRU
650 7 _2UDC
999 _c313465
_d313465